000 00645nam a2200181 a 4500
008 120416s1981 ||||||||||||||||| || u
020 _a0070452687
050 _aREF TJ 163.2 Mac
100 _aParker, Sybil P
245 1 0 _aMcGraw-hill encyclopedia of energy. (2nd ed.)
_cedited by Sybil P. Parker
250 _a2nd ed.
260 _aNew York:
_bMcGraw-Hill
_c1981
300 _aviii, 838p. : ill.
350 _a0.00
650 _aPOWER (MECHANICS)--DICTIONARIES
650 _aPOWER RESOURCES--DICTIONARIES
995 _D0.00
_FCBU-MAIN LIBRARY (Kitwe)
_H1
_I59.95
_UREFERENCE
_ZReference Collection
999 _c50791
_d50791